La escultura. Procesos y principios
Saved in:
| 主要作者: | |
|---|---|
| 格式: | 圖書 |
| 語言: | 西班牙语 |
| 出版: |
Madrid
Alianza
1980
|
| 叢編: | Alianza Forma, 8
|
| 主題: | |
| 標簽: |
添加標簽
沒有標簽, 成為第一個標記此記錄!
|
MARC
| LEADER | 00000nam a2200000 a 4500 | ||
|---|---|---|---|
| 001 | UCV8507 | ||
| 003 | CL-VaPUC | ||
| 008 | 910912e19800000SP |||||||||||||||||spa|d | ||
| 082 | 0 | 4 | |a 730 |b WIT |2 21 |
| 100 | 0 | |a Wittkower, Rudolf |e author |9 302549 | |
| 245 | 1 | 3 | |a La escultura. Procesos y principios |
| 300 | |a 331 p | ||
| 942 | |c BK | ||
| 945 | |d 19910912 00:00:00 | ||
| 260 | |a Madrid |b Alianza |c 1980 | ||
| 650 | 0 | |a Escultura |9 265737 | |
| 650 | 0 | |a Historia |9 255047 | |
| 583 | |a last modification |c 19910912 00:00:00 |k Rodrigo Vera | ||
| 490 | 0 | |a Alianza Forma, 8 | |
| 999 | |c 214015 |d 214013 | ||
| 952 | |0 0 |1 0 |4 0 |6 730_000000000000000_WIT_1980 |7 0 |8 A |9 197001 |a BIBARQ |b BIBARQ |d 2019-11-14 |i 264746K |o 730 WIT 1980 |p 264746K |r 2025-01-20 |w 2019-11-14 |y BK |k ARQ | ||